000 00894nam a2200181Ia 4500
008 151202s9999||||xx |||||||||||||| ||und||
082 _bPNVM-84838
100 _aडॉ. जावडेकर मुरलीधर.
245 _aमहाराष्ट्रातील वैज्ञानिक क्र्रांती.
260 _b"मुरलीधर जावडेकर साहित्यकला प्रतिष्ठान,पुणे."
260 _c2012
300 _a446
600 _aडॉ. जावडेकर मुरलीधर.
630 _aमहाराष्ट्रातील वैज्ञानिक क्र्रांती.
700 _aडॉ. जावडेकर मुरलीधर.
730 _aमहाराष्ट्रातील वैज्ञानिक क्र्रांती.
942 _cBOOK
999 _c1349690
_d1349687